| 000 | 01908nam a22003137a 4500 | ||
|---|---|---|---|
| 999 |
_c21913 _d21913 |
||
| 003 | AR-CdUCM | ||
| 008 | 190425b ||||| |||| 00| 0 spa d | ||
| 040 |
_aMUNICIPALIDAD PROVINCIAL DEL CUSCO _cBIBLIOTECA MUNICIPAL DEL CUSCO |
||
| 082 | _aRev.Letras/N°1/1923 | ||
| 110 |
_aUniversidad del Cuzco _946805 |
||
| 245 |
_aLetras : _bórgano de la Asociación Letras / _cRosendo Callo Ortiz, director |
||
| 260 |
_aCusco : _bH.G. Rozas, _c1923. |
||
| 300 |
_a102 páginas. : _c21 cm. |
||
| 440 |
_aUniversidad del Cuzco. _nAño 1, N°1, agosto 1923. _946806 |
||
| 500 | _aEn la contratapa publicidad de Fotografía de Martín Chambi. | ||
| 505 | _a+Contenido: Los fines universitarios i nuestros propósitos. -- Algo sobre criminología indígena. César A. Muñiz. -- El mártir de la independencia. Julio Baca Arenas. -- Tampu. Luis E. Valcárcel. -- Ccori Champi. -- Lo que también dicen ellos. Manuel A. Quiroga. -- Las formas matrimoniales. José Gabriel Cosio. -- La instrucción militar i la pedagogía. Luis A. Llanos. -- ¡Maldita realidad!. Cesar A. Vílchez. -- Saudade. Miguel de San Román. -- Ofrenda. Alberto Delgado. -- Omar Khayyam i los modernistas. César A. Vílchez. -- La documentación histórica sobre la batalla de Zepita. Manuel A. Quiroga. -- En este camino. Juan Manuel Delgado. -- Lirios. Romería. Sergio L. Caller. -- El Kimsachata. -- Yachacmi nin. Juan José Delgado. -- La carta del suicida. Alejandro Arispe. | ||
| 650 |
_aIntelectuales cusqueños _946142 |
||
| 650 |
_aNarrativa cusqueña _910453 |
||
| 650 |
_aEscritores cusqueños _910661 |
||
| 650 |
_aLiteratura cusqueña _946804 |
||
| 700 |
_aValcárcel, Luis E _9628 |
||
| 700 |
_aMuñiz, César A _946807 |
||
| 700 |
_aBaca Arenas, Julio _946808 |
||
| 700 |
_aQuiroga, Manuel A _946809 |
||
| 700 |
_aCosio, José Gabriel _911720 |
||
| 700 |
_aVílchez, César A _946810 |
||
| 942 |
_2ddc _cPP |
||
| 945 | _arac | ||